| 000 | 00709nam a2200241Ia 4500 | ||
|---|---|---|---|
| 003 | OSt | ||
| 005 | 20230923103241.0 | ||
| 008 | 210716s2001 xx 000 0 und d | ||
| 020 | _a9781566628686 | ||
| 040 | _cAIMIT LIBRARY | ||
| 041 | _aeng | ||
| 082 |
_a374.22 _22 _bBAID |
||
| 100 |
_aBaird, Douglas G. _9134871 |
||
| 245 |
_aElements of bankruptcy / _cBy Douglas G Baird. |
||
| 250 | _a3rd ed. | ||
| 260 |
_aNew York : _c2001. _bFoundation Press , |
||
| 300 |
_a236p. ; _bPB _c23.3 cm |
||
| 650 |
_aNone _9134872 |
||
| 651 |
_aClaims against the estate _9134873 |
||
| 651 |
_aThe automatic stay _9134874 |
||
| 651 |
_aForming the plan ofreorganization _9134875 |
||
| 942 |
_2ddc _cBK _e3rd _k374.22 BAID |
||
| 999 |
_c206440 _d206440 |
||